| 000 | 00629nam a2200181Ia 4500 | ||
|---|---|---|---|
| 005 | 20250508160008.0 | ||
| 008 | 008 250505s9999 xx 000 0 eng d | ||
| 037 | _aBooks to be hide in OPAC | ||
| 040 |
_aFEDL _beng _cFEDL |
||
| 041 |
_aeng _2eng |
||
| 084 |
_a371.909 42, GRE/O _qFEDL |
||
| 245 | 0 | _aReport of the departmental committee on defective and epileptic children. Vol 1 | |
| 245 | 0 | _cCommittee On Defective And Epileptic Children. (Education Department) | |
| 260 |
_aLondon, UK _bEyre and Spottiswoode _c1898 |
||
| 490 | _vVol 1 | ||
| 942 |
_cHB _h371.909 42, GRE/O |
||
| 999 |
_c1360827 _d1360827 |
||